Statistics for (Guess the following desserts)

Click here to take the quiz!

General Stats

  • This quiz has been taken 70 times
  • The average score is 6 of 16

Answer Stats

Answer% Correct
Macaron
86%
Croissant
73%
Jam
73%
Tiramisu
69%
Cookie
63%
Cupcake
54%
Scone
34%
Madeleine
32%
Parfait
27%
Pudding
27%
Mousse
24%
Gelato
22%
Panna cotta
20%
Pie
17%
Choux creme
12%
Chiffon
2%

Score Distribution

Percentile by Number Answered

Percent of People with Each Score

Your Score History

You have not taken this quiz